Understanding the earth : (Record no. 7053)

MARC details
000 -LEADER
fixed length control field 00715cam a22002292 4500
001 - CONTROL NUMBER
control field 0000005697
005 - DATE AND TIME OF LATEST TRANSACTION
control field 20151217152004.0
008 - FIXED-LENGTH DATA ELEMENTS--GENERAL INFORMATION
fixed length control field 070622s xx 000 0 eng d
020 ## - INTERNATIONAL STANDARD BOOK NUMBER
International Standard Book Number 0262570246 :
040 ## - CATALOGING SOURCE
Original cataloging agency KABU
Transcribing agency KABU
050 #0 - LIBRARY OF CONGRESS CALL NUMBER
Classification number QE26.2
Item number .U53
245 10 - TITLE STATEMENT
Title Understanding the earth :
Remainder of title a reader in the earth sciences /
Statement of responsibility, etc. ed. by I. G. Gass, Peter J. Smith, R. C. L. Wilson.
260 ## - PUBLICATION, DISTRIBUTION, ETC. (IMPRINT)
Place of publication, distribution, etc. Cambridge :
Name of publisher, distributor, etc. MIT Press,
Date of publication, distribution, etc. 1971.
300 ## - PHYSICAL DESCRIPTION
Extent 355 p.
650 #0 - SUBJECT ADDED ENTRY--TOPICAL TERM
Topical term or geographic name as entry element Earth sciences.
-- 0000156895
700 1# - ADDED ENTRY--PERSONAL NAME
Personal name Gass, I. G.
-- 0000156896
700 1# - ADDED ENTRY--PERSONAL NAME
Personal name Smith, Peter J.
-- 0000106575
700 1# - ADDED ENTRY--PERSONAL NAME
Personal name Wilson, R. C. L.
-- 0000156897
908 ## - PUT COMMAND PARAMETER (RLIN)
Put command parameter 070622
950 ## - LOCAL HOLDINGS (RLIN)
-- 1
Holdings
Withdrawn status Lost status Source of classification or shelving scheme Not for loan Home library Current library Date acquired Total Checkouts Full call number Barcode Date last seen Price effective from Koha item type
    Library of Congress Classification   Kabarak, Main Campus Kabarak, Main Campus 17/12/2015   QE26.2 .U53 010455 17/12/2015 17/12/2015 General Collection
Designed with assistance from East African Informatics Ltd